Les ref et meme français - quiz Ultime - Statistiques

Statistiques générales
  • Ce quiz a été pris 3 550 fois
  • Le résultat moyen est 14 sur 50
Statistiques - réponses
Hint Réponse % Correct
"Je suis pas venu ici (...) ok ?" pour souffrir
85%
Mais voilà mais c'était (...) en fait !!" sur
75%
"tout doux (...)" le loup
71%
"Vous venez pour l'ouverture de Fitness Park ?- Non, (...)" moi je suis coach
67%
"Comment ça mon (...) ?" reuf
67%
"C'est quoi ce bruit de (...) là ?" con
66%
"Macron démission, Macron (...) !!!" explosion
61%
"La gadji c'est un (...)" paqueta
61%
Ahhh la j'suis (...)" bieng
55%
"Veronique fait un (...)" infarctus
55%
"Carrément il pleuré sur le (...)" poulet
52%
"Moi, (...) ^^? Demande à ma bande de 11 meilleurs potes" puceau
47%
"À quoi sert ton million si tu prends (...)" perpet
43%
"Comment ça pas mal (...) ? mais apex ?" les bzez
36%
"Salut à toi jeune (...)" Entrepreneur
33%
"Pour moi, (...) c'est la note suprême" 0
31%
"Et toi c'est quoi ton style naps-(...) -Je parlais plutôt du style musical" Mec de cité simple
31%
"Voler (...)" n'est pas bon
30%
"Oh non pas ça (...), pas après tout ce que tu as fait" zinedine
30%
"T'a vu la (...) de phrase?" bête
29%
"ouuuh ouuuuh c'est reparti comme en (...)" 46
27%
"Double (...), Triple (...)" monstre
24%
"ooooh j'ai le droit de (...) un peu là" vivre
24%
"Oh il est là Mbappe ! C'est Mbappé-(...)" C'est moi wesh
22%
"Quelle BELLE (...) *0 soucis*" journée
21%
"C'est même plus des godasses c'est des (...)" grolles
20%
"Ouais ouais ouais t'es bien (...) toi" renseigné
18%
"Tu préfères le chocolat ou (...) ?" les noirs
17%
Non tape (...) gros !" pas dans le mur
16%
"Ouais le (...) d'à côté là venez ma gueule !" quartier
16%
"Il nous a enquillé un 501 (...) skinny sexy en javelot" regular
16%
"tu vois de base la (...) c'est un mouvement qui dénonce tu vois c'que je veux dire tu vois ?" drill
15%
"Putain j'suis dans une (...) dans une grosse (...) galère
15%
"vas-y chante (...)-Touloulou thth touloulou" skype
12%
"C'est un (...) derrière toi ? Tu me poses vraiment la question ou bien c'est une blague là en fait ?" mur porteur
11%
"-Que pouvez vous me dire sur Trotski-mmmh trotski trostki (...) ?" tue le ski
11%
"On (...) tous ensemble" baisera
8%
"Oh comment je galère, eh j'ai grave (...)" pas d'amis
8%
" (...) encore des (...) c'est soulant à force" Pâtes
7%
"Moi jsuis un mec j'adore le (...) risque
6%
"l'homme le plus (...) de France" aigri
5%
"Kestia? t'y a jamais vu un (...) ou quoi ?" beau gosse
5%
"AHHHH c'est ça qu'il (...)" me fallait
4%
"Euuuuh gros ******* !" nibards
4%
FC musulman vs. F C chrétien celui qui perd (...) il se reconvertit
2%
"J'ai que des idées Bresson dans ma tête, je peux te couper le bras et te faire un dab avec-J'ai que des idées sombres dans ma tête, comme te couper le bras et me (...) avec prosterner devant satan
2%
"C'est un mécano ou un (...) ?" grimpeur
1%
"Putain le coran je suis atteint il pleut normal (...)*neige*" Jingle bells
1%
"Wallah j'ai la dalle j'ai la (...)" croûte
0%
"Ah ça djobe le sang-(...) le sang" starfoubinks
0%
Aucun quiz correspondant
Distribution des résultats
% des personnes avec chaque résultat
Percentile par nombre de réponses
Votre historique - résultats
Vous n’avez pas pris ce quiz